000 00705cab a2200229 4500
001 WB2823-26
008 090401t1992 xxu||||| |||| 00| 0 eng d
035 _a(Sirsi) u32986
041 _aeng
245 _aBuilt on shaky foundations
260 _c1992
350 _a0
490 _aGuardian
_v8 June 1992, 20(2)
520 _aCalls for an review of institutions` mortgage lending policies in order to maintain long-term stability in the housing market.
650 _aECONOMIC FACTORS
650 _aHOUSE PRICES
650 _aHOUSING MARKET
650 _aMORTGAGE LENDING POLICIES
690 _aPROPERTY-RESIDENTIAL PROPERTY-RESIDENTIAL PROPERTY MARKET
942 _n0
948 _c04/03/1997
999 _c22042
_d22042